书目信息 |
| 题名: |
文房四谱
|
|
| 作者: | 苏易简 撰 | |
| 分册: | ||
| 出版信息: | 北京 中国书店 2018 |
|
| 页数: | 240页 | |
| 开本: | 27cm | |
| 丛书名: | ||
| 单 册: | ||
| 中图分类: | K875.44 | |
| 科图分类: | ||
| 主题词: | 文化用品--研究--中国--古代 | |
| 电子资源: | ||
| ISBN: | 978-7-5149-1886-1 | |
| 000 | 00802nam0 2200253 450 | |
| 001 | 012001004055 | |
| 005 | 20140928162348.0 | |
| 010 | @a978-7-5149-1886-1@dCNY56.00 | |
| 100 | @a20180513e2018 em y0chiy50 ea | |
| 101 | 0 | @achi |
| 102 | @aCN@b110000 | |
| 105 | @ay z 000yy | |
| 106 | @ar | |
| 200 | 1 | @a文房四谱@9wen fang si pu@f(宋)苏易简撰 |
| 205 | @a[影印本] | |
| 210 | @a北京@c中国书店@d2018 | |
| 215 | @a240页@d27cm | |
| 300 | @a钦定四库全书·子部 四库全书·谱录类 | |
| 330 | @a本书是系统地论述纸墨笔砚的源流、制作、轶事的谱录类著作,共五卷,分为《笔谱》(二卷),《纸谱》《墨谱》《砚谱》各一卷。 | |
| 606 | 0 | @a文化用品@x研究@y中国@z古代 |
| 690 | @aK875.44@v5 | |
| 701 | 0 | @c(宋)@a苏易简@9su yi jian@4撰 |
| 801 | 0 | @aCN@b上海新华@c20180901 |
| 905 | @b1164177-81@dK875.44@e402@f5 | |
| 文房四谱/(宋)苏易简撰.-[影印本].-北京:中国书店,2018 |
| 240页;27cm |
| 钦定四库全书·子部 四库全书·谱录类 |
| ISBN 978-7-5149-1886-1:CNY56.00 |
| 本书是系统地论述纸墨笔砚的源流、制作、轶事的谱录类著作,共五卷,分为《笔谱》(二卷),《纸谱》《墨谱》《砚谱》各一卷。 |
| ● |
| 相关链接 |
|
|
|
|
正题名:文房四谱
索取号:K875.44/402
 
预约/预借
| 序号 | 登录号 | 条形码 | 馆藏地/架位号 | 状态 | 备注 |
| 1 | 1164177 | 211641776 | 第二样本阅览室/ [索取号:K875.44/402] | 在馆 | |
| 2 | 1164178 | 211641785 | 密集书库-史法系/ [索取号:K875.44/402] | 在馆 | |
| 3 | 1164179 | 211641794 | 第二借阅区/ [索取号:K875.44/402] | 在馆 | |
| 4 | 1164180 | 211641801 | 第二借阅区/ [索取号:K875.44/402] | 在馆 | |
| 5 | 1164181 | 211641810 | 第二借阅区/ [索取号:K875.44/402] | 在馆 |